[Event "ch-USA Junior 2024"]
[Site "Saint Louis USA"]
[Date "2024.07.24"]
[Round "8.5"]
[White "Daggupati, Balaji"]
[Black "Guo, Arthur"]
[Result "1/2-1/2"]
[WhiteTitle "GM"]
[BlackTitle "GM"]
[WhiteElo "2480"]
[BlackElo "2529"]
[WhiteFideId "2090759"]
[BlackFideId "30903114"]
[EventDate "2024.07.16"]

1. e4 e5 2. Nf3 Nc6 3. Bc4 Bc5 4. b4 Bxb4 5. c3 Ba5 6. d4 d6 7. Qb3 Qd7 8. O-O
Bb6 9. Nbd2 Na5 10. Qc2 f6 11. a4 Nh6 12. Ba2 Nf7 13. Nc4 Qe7 14. Ne3 Be6 15.
Ba3 O-O 16. Nf5 Qd7 17. d5 Bxf5 18. exf5 Rfe8 19. Rae1 Nh6 20. Bb1 c6 21. Ba2
Kh8 22. dxc6 bxc6 23. Be6 Rxe6 24. fxe6 Qxe6 25. Nd2 Nf5 26. Bb4 Nb7 27. Ra1 Bc7
28. Qd3 a5 29. Ba3 d5 30. Rab1 e4 31. Qh3 Nd8 32. Bc5 Qe5 33. Bb6 Bd6 34. Bxd8
Rxd8 35. Rb7 Ne7 36. Nb3 f5 37. Nd4 Rf8 38. f4 exf3 39. Rxf3 Ng6 40. Re3 Qf6 41.
Kh1 Be5 42. Ne2 f4 43. Rf3 Nh4 44. Rf1 c5 45. Qg4 Ng6 46. Qd7 d4 47. cxd4 cxd4
48. Qd5 Rd8 49. Rd7 Rxd7 50. Qxd7 h6 51. Ng1 Nh4 52. Nf3 Nxf3 53. Rxf3 Qg6 54.
Rf1 Qe4 55. Qd8+ Kh7 56. Qxa5 f3 57. Qd2 Qe2 58. Rf2 fxg2+ 59. Rxg2 Qf1+ 60. Rg1
Qf5 61. Qg2 Bf6 62. Rf1 Qa5 63. Qe4+ Kg8 64. Qe8+ Kh7 65. Qd7 Qa8+ 66. Kg1 Kh8
67. Re1 Kh7 68. Qf5+ Kg8 69. Qb5 Kh7 70. a5 Qf3 71. Qe2 Qa3 72. a6 d3 73. Qe4+
g6 74. Qb7+ Bg7 75. a7 d2 76. Rf1 Qe3+ 77. Kh1 Qd3 78. Rg1 d1=Q 79. a8=Q Q1e2
80. Qd5 Qxd5+ 81. Qxd5 h5 82. Qg2 Qd3 83. Re1 Qc3 84. Qe4 Qf6 85. Rc1 Qf7 86.
Kg2 Qf6 87. Rc6 Qg5+ 88. Kf3 Qg1 89. Qxg6+ Qxg6 90. Rxg6 Kxg6 91. h4 Kf5 92. Kg2
Kg4 93. Kh2 Kxh4 94. Kg2 Kg4 95. Kh2 h4 96. Kg2 h3+ 97. Kh1 Kg3 98. Kg1 Bd4+ 99.
Kh1 Ba7 1/2-1/2

[Event "ch-USA Junior 2024"]
[Site "Saint Louis USA"]
[Date "2024.07.25"]
[Round "9.1"]
[White "Liang, Jason"]
[Black "Hardaway, Brewington"]
[Result "0-1"]
[WhiteTitle "IM"]
[BlackTitle "IM"]
[WhiteElo "2412"]
[BlackElo "2459"]
[WhiteFideId "30940303"]
[BlackFideId "30941849"]
[EventDate "2024.07.16"]

1. e4 e5 2. Nf3 Nc6 3. Bc4 Bc5 4. c3 Nf6 5. d3 d6 6. O-O h6 7. Re1 O-O 8. h3 a5
9. d4 Ba7 10. Bb3 Re8 11. Bc2 exd4 12. cxd4 Nb4 13. Nc3 Nxc2 14. Qxc2 c6 15. a3
Be6 16. Be3 d5 17. e5 Nd7 18. Ne2 Qe7 19. Rac1 Rac8 20. Qd2 Bb6 21. b4 axb4 22.
axb4 Bf5 23. Ng3 Bh7 24. Nh2 Ra8 25. Ng4 Qe6 26. Ra1 Bc7 27. f4 Nb6 28. Qf2 Bf5
29. Qe2 Bg6 30. Nh2 Be4 31. Qh5 f5 32. exf6 Qxf6 33. Ng4 Qf7 34. Qxf7+ Kxf7 35.
Ne5+ Kg8 36. Bd2 Bc2 37. Nf1 Bd6 38. Ne3 Be4 39. Ra5 Rxa5 40. bxa5 Na8 41. N3g4
Nc7 42. Nf2 Bc2 43. Nfd3 Bxd3 44. Nxd3 Rxe1+ 45. Nxe1 Ne6 46. Nc2 Nxf4 47. Kf2
Kf7 48. Kf3 Ne6 49. Bc3 Ng5+ 50. Ke3 Ke6 51. Be1 Kd7 52. Kd3 Ne6 53. Ne3 Nf4+
54. Kc2 g6 55. h4 c5 56. Bc3 Kc6 57. dxc5 Kxc5 58. h5 Nxh5 59. Ng4 Nf4 60. Nxh6
Nxg2 61. Nf7 Bc7 62. Kd3 Nf4+ 63. Ke3 Ne6 64. Bf6 Kc4 65. Be5 d4+ 66. Ke2 d3+
67. Ke3 Bxa5 68. Nd6+ Kd5 69. Kxd3 Bc7 70. Nxb7 Bxe5 71. Na5 Nc5+ 72. Ke3 Bc7 0-1

[Event "ch-USA Junior 2024"]
[Site "Saint Louis USA"]
[Date "2024.07.25"]
[Round "9.2"]
[White "Woodward, Andy"]
[Black "Wang, Jason"]
[Result "1-0"]
[WhiteTitle "IM"]
[BlackTitle "IM"]
[WhiteElo "2523"]
[BlackElo "2425"]
[WhiteFideId "30953499"]
[BlackFideId "30908124"]
[EventDate "2024.07.16"]

1. d4 d5 2. c4 e6 3. Nf3 Nf6 4. g3 Bb4+ 5. Bd2 Be7 6. Bg2 O-O 7. O-O c6 8. b3 b6
9. Bc1 Nbd7 10. Bb2 a5 11. Qc2 b5 12. c5 b4 13. Ne1 Ba6 14. Nd3 Qc7 15. a3 Bxd3
16. Qxd3 e5 17. e3 e4 18. Qe2 g6 19. Nd2 Nh5 20. Ra2 f5 21. Rfa1 Qb7 22. Nf1
Ndf6 23. Bc1 g5 24. Bd2 f4 25. exf4 gxf4 26. gxf4 Ng7 27. Ng3 h5 28. Bh3 Kh7 29.
Qe3 Ng8 30. f3 h4 31. Nxe4 dxe4 32. fxe4 Nf6 33. Kh1 Rae8 34. axb4 Bd8 35. e5
Nd5 36. Qd3+ Kh8 37. f5 Nxb4 38. Bxb4 Qxb4 39. Rg1 Rf7 40. Rag2 Nh5 41. Qf3 Rh7
42. Qxc6 Rf8 43. Qd5 Ng3+ 44. hxg3 Qc3 45. Kh2 Rg8 46. f6 Qe3 47. gxh4 1-0

[Event "ch-USA Junior 2024"]
[Site "Saint Louis USA"]
[Date "2024.07.25"]
[Round "9.3"]
[White "Guo, Arthur"]
[Black "Ladan, Nicholas"]
[Result "0-1"]
[WhiteTitle "GM"]
[WhiteElo "2529"]
[BlackElo "2211"]
[WhiteFideId "30903114"]
[BlackFideId "30918855"]
[EventDate "2024.07.16"]

1. e4 e5 2. Nf3 Nc6 3. Bb5 a6 4. Ba4 d6 5. O-O Bg4 6. h3 h5 7. d4 b5 8. Bb3 Nxd4
9. hxg4 Nxb3 10. axb3 hxg4 11. Ng5 Qd7 12. c4 Rb8 13. Rxa6 f6 14. Nc3 fxg5 15.
Ra7 Nf6 16. Nxb5 Rc8 17. g3 g6 18. Kg2 Nxe4 19. Qe2 Nf6 20. Rg1 Rh2+ 21. Kf1 Qf5
22. Nc3 d5 23. Be3 Bb4 24. cxd5 Nxd5 25. Ra1 Bxc3 26. bxc3 Nxc3 27. Qc4 Ne4 28.
Ke1 Nxf2 29. Qg8+ Ke7 30. Bc5+ Kf6 31. Ra6+ c6 32. Rxc6+ Rxc6 33. Qf8+ Ke6 34.
Qe7+ Kd5 35. Qd8+ Ke4 36. Be3 Nd3+ 0-1

[Event "ch-USA Junior 2024"]
[Site "Saint Louis USA"]
[Date "2024.07.25"]
[Round "9.4"]
[White "Hong, Andrew"]
[Black "Wang, Justin"]
[Result "0-1"]
[WhiteTitle "GM"]
[BlackTitle "IM"]
[WhiteElo "2570"]
[BlackElo "2517"]
[WhiteFideId "2099438"]
[BlackFideId "30911370"]
[EventDate "2024.07.16"]

1. Nf3 d5 2. g3 g6 3. Bg2 Bg7 4. d4 Nf6 5. O-O O-O 6. c4 c6 7. Qb3 Qb6 8. Nc3
dxc4 9. Qxc4 Bf5 10. Ng5 h6 11. e4 hxg5 12. exf5 gxf5 13. d5 g4 14. Re1 a5 15.
Be3 Qb4 16. Qd3 e6 17. dxe6 fxe6 18. Bd2 Qe7 19. Ne2 Qd7 20. Qc2 e5 21. Rad1 Nd5
22. Nc3 Nb4 23. Qa4 Qf7 24. Bg5 b5 25. Qb3 Qxb3 26. axb3 Nc2 27. Re2 Nd4 28. Re3
e4 29. Be7 Re8 30. Bc5 Ne6 31. Bd6 Nd4 32. Bc5 Nxb3 33. Nxe4 fxe4 34. Rxb3 Na6
35. Bb6 a4 36. Re3 Rab8 37. Ba5 Bxb2 38. Bxe4 a3 39. Bxc6 Rxe3 40. fxe3 b4 41.
Rd6 Nc5 42. Bd5+ Kg7 43. Bc7 b3 44. Bxb8 a2 45. Rc6 a1=Q+ 46. Kg2 Qd1 47. Rc7+
Kg6 48. Rc6+ Bf6 49. Rxc5 Qe2+ 50. Kg1 Qxe3+ 51. Kg2 Qe2+ 52. Kg1 Bd4+ 0-1

[Event "ch-USA Junior 2024"]
[Site "Saint Louis USA"]
[Date "2024.07.25"]
[Round "9.5"]
[White "Yoo, Christopher Woojin"]
[Black "Daggupati, Balaji"]
[Result "1-0"]
[WhiteTitle "GM"]
[BlackTitle "GM"]
[WhiteElo "2607"]
[BlackElo "2480"]
[WhiteFideId "30909694"]
[BlackFideId "2090759"]
[EventDate "2024.07.16"]

1. d4 d5 2. Nf3 Nf6 3. c4 c6 4. Nc3 e6 5. e3 Nbd7 6. Qc2 Bd6 7. g4 h6 8. Rg1 e5
9. Be2 e4 10. Nd2 Nf8 11. h4 g5 12. cxd5 cxd5 13. Qb3 Qa5 14. Bb5+ Kd8 15. hxg5
hxg5 16. f3 Qb4 17. fxe4 Qxb3 18. axb3 dxe4 19. Ndxe4 Nxe4 20. Nxe4 Bb4+ 21. Bd2
Bxd2+ 22. Kxd2 Be6 23. Bc4 Rh2+ 24. Kc3 b5 25. Bxb5 Bd5 26. Nd6 Kc7 27. Bc4 Bxc4
28. Nxc4 Nd7 29. Ra6 Kb7 30. Rga1 Rg2 31. Nd6+ Kc7 32. Nxf7 Re8 33. Rxa7+ Kc6
34. R1a6+ Nb6 35. Ne5+ Kd5 36. Kd3 Rb8 37. Nd7 Na4 38. Nf6# 1-0